Chansons de Michael Jackson - Mort Subite - Statistiques

Statistiques générales
  • Ce quiz a été pris 462 fois
  • Le résultat moyen est 9 sur 29
Answers on the Grid
Answers color-coded by a green-red scale on the quiz's grid according to % correct below.
Rock with you
Best of joy
My all
I Love you
Stuck with you
What kinda girl?
Little susie
Ghost
Rock me
Don't tell me you love me
When you were mine
The lady of my life
She's out of my life
I just can't let go
Come to me
What's love got to do with it
Girlfriend
Burn this disco out
Working day and night
I wanna rock
Invincible
Nothing's gonna stop us now
Butterflies
The power of love
I just can't stop loving you
Dancing in the dark
You rock my world
Rhythm of the night
Men without shame
This is it
Hollywood tonight
Monster
Nobody's children
Ready to strike
Behind the mask
Take on me
Eye of the tiger
Still loving you
Let's dance
Gone too soon
Jam
You are my life
Such a shame
Speechless
Under presure
Money for nothing
Purple rain
History
2000 Watts
Just good friends
Speed demon
Cry
Don't walk away
Where is my mind
The lost children
Heartbreaker
 
Statistiques - réponses
Réponse % Correct
Rock with you
91%
You rock my world
60%
Ghost
56%
Jam
54%
I just can't stop loving you
50%
This is it
46%
Invincible
45%
The lady of my life
41%
Speed demon
40%
History
38%
She's out of my life
35%
Butterflies
33%
Working day and night
30%
Girlfriend
29%
Little susie
28%
Cry
27%
Heartbreaker
27%
Speechless
24%
2000 Watts
23%
Gone too soon
23%
Just good friends
23%
Burn this disco out
21%
Hollywood tonight
18%
The lost children
18%
Behind the mask
13%
You are my life
13%
Best of joy
12%
Don't walk away
11%
Monster
10%
Aucun quiz correspondant
Distribution des résultats
% des personnes avec chaque résultat
Percentile par nombre de réponses
Votre historique - résultats
Vous n’avez pas pris ce quiz